Free Man In Paris~Lyric Chalenge - Statistics

General Stats
  • This quiz has been taken 5 times
  • The average score is 102 of 205
Answer Stats
Lyrics % Correct
A
100%
Be
100%
Free
100%
I
100%
In
100%
Man
100%
Paris
100%
Alive
67%
And
67%
Back
67%
Best
67%
Can’t
67%
Decide
67%
Do
67%
Everybody’s
67%
Felt
67%
For
67%
Future
67%
Go
67%
It
67%
I’ve
67%
Just
67%
Machinery
67%
No
67%
On
67%
One’s
67%
Popular
67%
See
67%
Song
67%
The
67%
There
67%
To
67%
Tomorrow
67%
Walk
67%
Was
67%
Way
67%
When
67%
Win
67%
You
67%
Asking
33%
Behind
33%
Business
33%
But
33%
Calling
33%
Champs-Elysees
33%
Deal
33%
Down
33%
Dreamers
33%
Favors
33%
Gain
33%
Good
33%
He
33%
I’d
33%
Know
33%
Maker
33%
Me
33%
My
33%
Nobody
33%
Own
33%
People
33%
Said
33%
Screamers
33%
Star
33%
Stoking
33%
Taken
33%
Telephone
33%
That
33%
Their
33%
Time
33%
Unfettered
33%
Up
33%
Work
33%
Ahead
0%
all
0%
Always
0%
Cabaret
0%
Cafe
0%
Doors
0%
em
0%
Feel
0%
Find
0%
Friend
0%
Get
0%
Going
0%
Had
0%
How
0%
If
0%
I’ll
0%
Lately
0%
Lot
0%
Mine
0%
Of
0%
Please
0%
Somebody
0%
There’s
0%
They’re
0%
Thinking
0%
Those
0%
Through
0%
Trying
0%
Very
0%
Wander
0%
What
0%
Wonder
0%
No matching quizzes found
Score Distribution
Percent of People with Each Score
Percentile by Number Answered
Your Score History
You have not taken this quiz